000
00324nam a2200133Ia 4500
008
240624s9999 xx 000 0 und d
041
_a
eng
082
_a
823 CHA
100
_a
CHAKRABORTY NOVONEEL
245
_a
FOREVER IS A LIE
260
_c
2017
_a
New Delhi
_b
Penguin
300
_a
ix, 214 p.; 19 cm.
365
_c
RS
_b
28.5
999
_c
29506
_d
29506